Etnohistoria del Perú antiguo / (Record no. 157612)

MARC details
000 -LEADER
fixed length control field 00666nam a22001937a 4500
005 - DATE AND TIME OF LATEST TRANSACTION
control field 20211125133152.0
008 - FIXED-LENGTH DATA ELEMENTS--GENERAL INFORMATION
fixed length control field 210917b mx ||||| |||| 00| 0 spa d
020 ## - INTERNATIONAL STANDARD BOOK NUMBER
International Standard Book Number 9789972663703
050 04 - LIBRARY OF CONGRESS CALL NUMBER
Classification number F3429
Item number V38 2012
100 1# - MAIN ENTRY--PERSONAL NAME
Personal name Valcárcel, Luis Eduardo,
Dates associated with a name 1891-
Relator term autor.
245 ## - TITLE STATEMENT
Title Etnohistoria del Perú antiguo /
Statement of responsibility, etc Luis E. Valcárcel
250 ## - EDITION STATEMENT
Edition statement Segunda edición
260 ## - PUBLICATION, DISTRIBUTION, ETC. (IMPRINT)
Place of publication, distribution, etc México, D. F. :
Name of publisher, distributor, etc Fondo de Cultura Económica,
Date of publication, distribution, etc 2012
300 ## - PHYSICAL DESCRIPTION
Extent 321 páginas, [1] hoja plegada :
Other physical details ilustraciones, mapas ;
Dimensions 21 cm
490 ## - SERIES STATEMENT
Series statement Sección de obras de historia
650 #7 - SUBJECT ADDED ENTRY--TOPICAL TERM
Source of heading or term lemb
Topical term or geographic name as entry element Incas
651 #7 - SUBJECT ADDED ENTRY--GEOGRAPHIC NAME
Source of heading or term lemb
Geographic name Perú
General subdivision Historia
Chronological subdivision Hasta 1548
942 ## - ADDED ENTRY ELEMENTS (KOHA)
Source of classification or shelving scheme Biblioteca del Cogreso de los Estados Unidos
Koha item type Libro
Holdings
Estado de pérdida Fuente de clasificación Estado del daño No para préstamo Ubicación permanente Ubicación actual Apartado o colección Fecha de adquisición Fuente de adquisición Edición Área del conocimiento Clasificación Código de Barras Date last seen Número de copia Costo por reposición Tipo de recurso Total Checkouts
  Biblioteca del Cogreso de los Estados Unidos     Biblioteca del Instituto de Investigaciones Históricas Biblioteca del Instituto de Investigaciones Históricas General 17/09/2021 Unidad Académica 2a ed. Ciencias Sociales y Administrativas F3429 V38 2012 IIH000031268 17/09/2021 C:1 245.00 Libro  
  Biblioteca del Cogreso de los Estados Unidos     Biblioteca del Instituto de Investigaciones Históricas Biblioteca del Instituto de Investigaciones Históricas General 25/11/2021   2a ed. Ciencias Sociales y Administrativas F3429 V38 2012 IIH000031721 25/11/2021 C:2 1.00 Libro